Welcome to the official i-CATS University College Library system. If you are a new user, please contact our librarian for registration.

Harvard business review on entrepreneurship / (Record no. 2794)

MARC details
000 -LEADER
fixed length control field 00967nam a2200313 a 4500
001 - CONTROL NUMBER
control field 2143154
003 - CONTROL NUMBER IDENTIFIER
control field OSt
005 - DATE AND TIME OF LATEST TRANSACTION
control field 20260424092616.0
008 - FIXED-LENGTH DATA ELEMENTS--GENERAL INFORMATION
fixed length control field 980915s1999 mau 001 0 eng
010 ## - LIBRARY OF CONGRESS CONTROL NUMBER
LC control number 98031399
020 ## - INTERNATIONAL STANDARD BOOK NUMBER
International Standard Book Number 0875849105
Qualifying information alk. paper
020 ## - INTERNATIONAL STANDARD BOOK NUMBER
International Standard Book Number 9780875849102
Qualifying information (alk. paper)
040 ## - CATALOGING SOURCE
Original cataloging agency DLC
Transcribing agency DLC
Modifying agency DLC
-- iCATSUC
Language of cataloging eng
050 00 - LIBRARY OF CONGRESS CALL NUMBER
Classification number HD62.5
Item number .H3738 1999
082 00 - DEWEY DECIMAL CLASSIFICATION NUMBER
Classification number 658.421
Edition number 21
Item number /HAR
245 00 - TITLE STATEMENT
Title Harvard business review on entrepreneurship /
246 30 - VARYING FORM OF TITLE
Title proper/short title On entrepreneurship
260 ## - PUBLICATION, DISTRIBUTION, ETC.
Place of publication, distribution, etc. Boston, Mass. :
Name of publisher, distributor, etc. Harvard Business School Press,
Date of publication, distribution, etc. 1999.
300 ## - PHYSICAL DESCRIPTION
Extent v, 217 p. ;
Dimensions 21 cm.
336 ## - CONTENT TYPE
Content type term text
Content type code txt
Source rdacontent
337 ## - MEDIA TYPE
Media type term unmediated
Media type code n
Source rdamedia
338 ## - CARRIER TYPE
Carrier type term volume
Carrier type code nc
Source rdacarrier
440 #0 - SERIES STATEMENT/ADDED ENTRY--TITLE
Title Harvard business review paperback series
500 ## - GENERAL NOTE
General note Includes index.
650 #0 - SUBJECT ADDED ENTRY--TOPICAL TERM
Topical term or geographic name entry element New business enterprises
General subdivision Management.
650 #0 - SUBJECT ADDED ENTRY--TOPICAL TERM
Topical term or geographic name entry element Entrepreneurship.
730 0# - ADDED ENTRY--UNIFORM TITLE
Uniform title Harvard business review.
942 ## - ADDED ENTRY ELEMENTS (KOHA)
Source of classification or shelving scheme Library of Congress Classification
Koha item type Books
Suppress in OPAC No
Holdings
Withdrawn status Lost status Source of classification or shelving scheme Damaged status Not for loan Collection Home library Current library Shelving location Date acquired Cost, normal purchase price Total checkouts Full call number Barcode Date last seen Copy number Price effective from Koha item type
    Library of Congress Classification     Open Collection Dato Maznah Library & Information Services Dato Maznah Library & Information Services H Social Sciences 24/04/2026 76.40   HD62.5 .H3738 1999 1002767 24/04/2026 1 24/04/2026 Books
Copyright CITM & Maznah Library, i-CATS University College 2025. All Rights Reserved